Томские епархиальные ведомости. Г.6 1885, № 15 (Запись № 4596325)

Подробности
000 -МАРКЕР
контрольное поле 01745nam2a22003131 4500
001 - ИДЕНТИФИКАТОР ЗАПИСИ
контрольное поле RU\NLR\INFOCOMM15\5000247110
005 - ИДЕНТИФИКАТОР ВЕРСИИ
контрольное поле 20250617022707.0
035 ## - ДРУГИЕ СИСТЕМНЫЕ НОМЕРА
Идентификатор записи (NLR Aleph) 002379264
100 ## - ДАННЫЕ ОБЩЕЙ ОБРАБОТКИ
Данные общей обработки 20041216d1885 |||y0rusy50 ca
101 0# - ЯЗЫК РЕСУРСА
Язык текста, звукозаписи и т.д. русский
102 ## - СТРАНА ПУБЛИКАЦИИ ИЛИ ПРОИЗВОДСТВА
Страна публикации Российская Федерация
105 ## - ПОЛЕ КОДИРОВАННЫХ ДАННЫХ: ТЕКСТОВЫЕ МАТЕРИАЛЫ, МОНОГРАФИЧЕСКИЕ
Кодированные данные о монографическом текстовом документе y ||||000|y
135 ## - ПОЛЕ КОДИРОВАННЫХ ДАННЫХ: ЭЛЕКТРОННЫЕ РЕСУРСЫ
Кодированные данные для электронного ресурса crgn 008anaba
200 0# - ЗАГЛАВИЕ И СВЕДЕНИЯ ОБ ОТВЕТСТВЕННОСТИ
Основное заглавие Г.6 1885, № 15
210 ## - ПУБЛИКАЦИЯ, РАСПРОСТРАНЕНИЕ И ДР.
Дата издания, распространения и т.д. 1885
Место издания, распространения и т.д. Б. м.
325 1# - ПРИМЕЧАНИЕ О КОПИИ
Текст примечания Копия доступна в электронной библиотеке РНБ
421 #0 - ПРИЛОЖЕНИЕ
Встроенное поле 2001#$aОбъяснение Апокалипсиса святого апостола Иоанна Богослова$e(Продолжение)
-- 210##$a[Томск$d1884-1885]
-- 215##$a14-61, 78-149 с.
-- 300##$aНачало напеч. на стр. журн. ... 1883 №1, 7, 9, 11-12, 14, 16, 20, 1884 №2, 5
-- 309##$a(Припл.)
-- 316##$aЭкз. деф.: отсутствуют с. 62-77
Заглавие Объяснение Апокалипсиса святого апостола Иоанна Богослова
461 #0 - УРОВЕНЬ НАБОРА
Встроенное поле 001RU\NLR\INFOCOMM15\5000246975
-- 2001#$aТомские епархиальные ведомости$vГ.6 1885, № 15
Системный номер (АБИС) связанной записи 4596284
Место публикации Томск
Дата публикации 1880-1917
Заглавие Томские епархиальные ведомости
Номер тома Г.6 1885, № 15
801 #1 - ИСТОЧНИК ЗАПИСИ
Страна Российская Федерация
Организация InfoComm
Дата составления 20041216
801 #0 - ИСТОЧНИК ЗАПИСИ
Страна Российская Федерация
Организация NLR
Правила каталогизации PSBO
852 ## - МЕСТОНАХОЖДЕНИЕ И ШИФР ХРАНЕНИЯ
Идентификатор организации NLR
Шифр хранения (Call Number) 5/59
901 ## - ДАННЫЕ ОБ ОБЪЕКТЕ ОЦИФРОВКИ
-- Журналы
942 ## - ДОПОЛНИТЕЛЬНЫЕ ЭЛЕМЕНТЫ ЗАПИСИ (АБИС)
Тип экземпляра АБИС Выпуск
980 ## - КОЛЛЕКЦИЯ
Название коллекции Национальная библиография
980 ## - КОЛЛЕКЦИЯ
Название коллекции Русская периодика
981 15 - КОЛЛЕКЦИЯ ЭЛЕКТРОННОЙ БИБЛИОТЕКИ
Название коллекции Епархиальные ведомости
Название подколлекции Томские епархиальные ведомости

Нет доступных экземпляров.